000 00418nam a2200145 a 4500
001 000044746
005 20201002045609.0
008 150108s2012 dr a 000 0 spa d
020 _a9789945447767
040 _aDO-SdBNP
_bspa
_cBNPHU
082 _axxxxxx
_bxxxxxx
245 0 0 _aCátedras extracurriculares de la escuela de cine.
260 _aSanto Domingo :
_bEditora -UASD,
_c2012.
300 _a80 p. :
_bil. ;
_c21 cm.
999 _c44235
_d44235